Fundamentals of human resource management. / (Record no. 2237)

MARC details
000 -LEADER
fixed length control field 01242nam a22001817a 4500
008 - FIXED-LENGTH DATA ELEMENTS--GENERAL INFORMATION
fixed length control field 120829t xxu||||| |||| 00| 0 eng d
020 ## - INTERNATIONAL STANDARD BOOK NUMBER
International Standard Book Number 9788126509522
050 ## - LIBRARY OF CONGRESS CALL NUMBER
Classification number HF5549.D396
100 ## - MAIN ENTRY--PERSONAL NAME
Personal name Decenzo, David A.
245 ## - TITLE STATEMENT
Title Fundamentals of human resource management. /
Statement of responsibility, etc. David A. Decenzo and Stephen P. Robbins
260 ## - PUBLICATION, DISTRIBUTION, ETC.
Place of publication, distribution, etc. New Delhi:
Name of publisher, distributor, etc. Wiley,
Date of publication, distribution, etc. c2010.
300 ## - PHYSICAL DESCRIPTION
Extent xxi, 425 p.:
Other physical details ill.;
Dimensions 26cm.
500 ## - GENERAL NOTE
General note Includes index.
505 ## - FORMATTED CONTENTS NOTE
Formatted contents note Contents: Understanding HRM: Strategic implications of a dynamic HRM environment -- Fundamentals of HRM -- The Legal and ethical context of HRM : Equal employment opportunity -- Employee rights and HR communications -- Staffing the organization: Human resource planning and job analysis -- Recruiting -- Foundations of selection -- Training and development: Socializing, orienting, and developing employees -- Managing careers -- Maintaining high performance: Establishing the performance management system -- Establishing rewards and pay plans -- Employee benefits -- Ensuring a safe and healthy work environment -- Labor-management environments: Understanding labor relations and collective bargaining.
650 ## - SUBJECT ADDED ENTRY--TOPICAL TERM
Topical term following geographic name entry element Human Resource Management.
700 ## - ADDED ENTRY--PERSONAL NAME
Personal name Robbins, Stephen P.
942 ## - ADDED ENTRY ELEMENTS (KOHA)
Source of classification or shelving scheme Library of Congress Classification
Koha item type Books
Holdings
Withdrawn status Lost status Source of classification or shelving scheme Damaged status Not for loan Home library Current library Shelving location Date acquired Total Checkouts Full call number Barcode Date last seen Price effective from Koha item type Copy number
    Library of Congress Classification     WISCONSIN INTERNATIONAL UNIVERSITY COLLEGE, GHANA - MAIN LIBRARY WISCONSIN INTERNATIONAL UNIVERSITY COLLEGE, GHANA - MAIN LIBRARY General Stacks 29/08/2012   HF5549.D396 4809/12 29/08/2012 29/08/2012 Books  
    Library of Congress Classification     WISCONSIN INTERNATIONAL UNIVERSITY COLLEGE, GHANA KUMASI LIBRARY WISCONSIN INTERNATIONAL UNIVERSITY COLLEGE, GHANA KUMASI LIBRARY General Stacks 30/10/2019   HF5549.D39 K/1024/1024/19 07/07/2021 07/07/2021 Books 1
    Library of Congress Classification     WISCONSIN INTERNATIONAL UNIVERSITY COLLEGE, GHANA KUMASI LIBRARY WISCONSIN INTERNATIONAL UNIVERSITY COLLEGE, GHANA KUMASI LIBRARY General Stacks 30/10/2019   HF5549.D391 K/1025/1025/19 07/07/2021 07/07/2021 Books 2

If you have any concerns or questions; kindly contact the library


© Powered by WIUC ICT DIRECTORATE